Zwycięzcy Ligi Mistrzów - Statystyki

Ogólne statystyki
  • Ten quiz został rozwiązany 1 590 razy
  • Średni wynik to 12 z 22
Statystyki odpowiedzi
Klub % Poprawnych
Real Madryt
99%
FC Barcelona
95%
Liverpool
88%
Bayern Monachium
87%
Manchester United
87%
Chelsea
83%
Juventus
80%
Milan
77%
Inter Mediolan
76%
Ajax
69%
Borussia Dortmund
66%
FC Porto
65%
Benfica
37%
Nottingham Forest
31%
Olympique Marsylia
29%
Celtic
23%
Aston Villa
22%
Steaua Bukareszt
19%
Feyenoord
16%
PSV Eindhoven
16%
Hamburger SV
11%
FK Crvena
5%
Nie znaleziono quizów pasujących do podanych kryteriów
Rozkład punktacji
Procent ludzi z każdym wynikiem
Percentyl według liczby udzielonych odpowiedzi
Twoja historia wyników
Nie rozwiązałeś tego quizu